| 000 | 00586nam a2200181Ia 4500 | ||
|---|---|---|---|
| 003 | IN-BaIIA | ||
| 008 | 211028s9999 xx 000 0 eng d | ||
| 020 | _a80-607146 | ||
| 040 | _cIIA Library | ||
| 080 |
_a52.3 _bNEW |
||
| 100 |
_aNewell, Homer E _912306 |
||
| 245 | 0 |
_aBeyond the Atmosphere : Early Years of Space Science _cHomer E Newell |
|
| 260 |
_aWashington _bNational Aeronautics and Space Administration _c1980 |
||
| 300 | _axviii, 197p. | ||
| 650 | _aAstronomy and Astrophysics Thesaurus | ||
| 650 | _aSpace Science | ||
| 942 | _cBK | ||
| 999 |
_c7171 _d7171 |
||